header

Sorority body image program (Record no. 36135)

MARC details
000 -LEADER
fixed length control field 01145nam a2200289 a 4500
100 1# - MAIN ENTRY--AUTHOR NAME
Personal name Becker, Carolyn Black.
245 10 - TITLE STATEMENT
Title Sorority body image program
260 ## - PUBLICATION, DISTRIBUTION, ETC. (IMPRINT)
Place of publication Oxford :
Name of publisher Oxford University Press,
Year of publication 2008.
300 ## - PHYSICAL DESCRIPTION
Number of Pages viii, 66 p. :
Other physical details ill.
650 #0 - SUBJECT ADDED ENTRY--TOPICAL TERM
Topical Term Body image disturbance.
Topical Term Eating disorders
700 1# - ADDED ENTRY--PERSONAL NAME
Personal name Stice, Eric.
856 40 - ELECTRONIC LOCATION AND ACCESS
Uniform Resource Identifier http://site.ebrary.com/lib/rucke/Doc?id=10246258

No items available.

© 2026 Rongo University
Contact us: librarian | system librarian | Rongo university